|
|
|
|
| LEADER |
01116nam a2200289 u 4500 |
| 001 |
10042731 |
| 003 |
upatras |
| 005 |
20231013063227.0 |
| 008 |
020208s1983 ng eng |
| 020 |
|
|
|a 9027715181
|
| 040 |
|
|
|a GR-PaULI
|c GR-PaULI
|
| 041 |
0 |
|
|a eng
|
| 082 |
0 |
4 |
|a 190.090 34
|
| 245 |
1 |
0 |
|a Soul and body in husserlian phenomenology
|c man and nature; edited by Anna-Teresa Tymieniecka
|
| 260 |
|
|
|a Dordrecht
|b D. Reidel Publishing Company
|c 1983
|
| 300 |
|
|
|a x,372 p.
|c 23 cm.
|
| 490 |
0 |
|
|a Analecta Husserliana
|v 16
|
| 504 |
|
|
|a Includes index
|
| 650 |
|
0 |
|a Φιλοσοφία
|y 19ος αιώνας
|9 1997
|
| 600 |
1 |
4 |
|9 8386
|a Husserl, Edmund,
|d 1859-1938
|
| 700 |
1 |
|
|a Tymieniecka, Anna-Teresa
|4 edt
|9 32345
|
| 760 |
0 |
|
|a Analecta Husserliana
|g 16
|
| 852 |
|
|
|a GR-PaULI
|b ΠΑΤΡΑ
|b ΦΙΛΟΣΟΦΙΑ
|k ΑΣΧΞ-4
|h 190.090 34 Τ
|m 1890
|p 025000102332
|t 1
|
| 942 |
|
|
|2 ddc
|c BK15
|
| 952 |
|
|
|0 0
|1 0
|4 0
|6 190_090000000000000_34_Τ
|7 0
|9 30808
|a PHIL
|b PHIL
|d 2016-04-24
|i 1890
|l 1
|o 190.090 34 Τ
|p 025000102332
|r 2018-06-13 00:00:00
|s 2018-04-24
|t 1
|w 2016-04-24
|y BK15
|
| 998 |
|
|
|c ΜΠΟΜΠΑ
|d 2002-02
|
| 999 |
|
|
|c 19687
|d 19687
|